La iniciación y ejecución de proyectos industriales en paises en desarrollo: modo sistemático de proceder
I tiakina i:
| Ngā kaituhi rangatōpū: | , |
|---|---|
| Hōputu: | Pukapuka |
| Reo: | Pāniora |
| I whakaputaina: |
Nueva York
Naciones Unidas
1976
|
| Ngā marau: | |
| Ngā Tūtohu: |
Tāpirihia he Tūtohu
Kāore He Tūtohu, Me noho koe te mea tuatahi ki te tūtohu i tēnei pūkete!
|
MARC
| LEADER | 00000nam a2200000 a 4500 | ||
|---|---|---|---|
| 001 | UCU2641 | ||
| 003 | CL-VaPUC | ||
| 008 | 960426e19760000US |||||||||||||||||spa|d | ||
| 082 | 0 | 4 | |a 338.456 |b ORG |2 21 |
| 110 | 2 | |a Organización de las Naciones Unidas para el Desarrollo Industrial |e author |9 358966 | |
| 710 | 2 | |a ONUDI |e author |9 358967 | |
| 245 | 1 | 3 | |a La iniciación y ejecución de proyectos industriales en paises en desarrollo: modo sistemático de proceder |
| 300 | |a 77 p | ||
| 942 | |c BK | ||
| 945 | |d 19960426 00:00:00 |a paguirre | ||
| 260 | |a Nueva York |b Naciones Unidas |c 1976 | ||
| 650 | 0 | |a Economía |9 255568 | |
| 650 | 0 | |a Industrias |9 263688 | |
| 650 | 7 | |a PROYECTOS INDUSTRIALES |2 CL-VaPUC |9 358647 | |
| 650 | 0 | |a Desarrollo industrial |9 322675 | |
| 650 | 0 | |a Proyectos de desarrollo |9 261582 | |
| 650 | 0 | |a Países en desarrollo |9 259663 | |
| 583 | |a last modification |c 19960426 00:00:00 |k Rodrigo Vera | ||
| 999 | |c 246884 |d 246882 | ||
| 952 | |0 0 |1 0 |4 0 |6 338_456000000000000_ORG_1976 |7 0 |8 A |9 262234 |a BIBING |b BIBING |d 2019-11-19 |i 2018357 |o 338.456 ORG 1976 |p 2018357 |r 2025-01-20 |w 2019-11-19 |y BK |k CCL | ||